000 00877nam a2200253 a 4500
001 63993
003 BD-RjUL
005 20211209081247.0
008 170206s1970 enkab b 001 0 eng
020 _a0155610007
035 _a(BD-RjUL)64123
040 _aDLC
_cDLC
_dBD-RjUL
_beng
041 _aeng
082 0 0 _a951
_223
_bMOD 1970
245 1 0 _aModern East Asia :
_bessays in interpretation /
_cVolume editor: James B. Crowley. Contributors: Frederic Wakeman, Jr. [and others] Under the general editorship of John Morton Blum.
260 _aNew York :
_bHarcourt, Brace & World,
_cc1970
300 _ax, 385 p. :
_bill. ;
_c23 cm.
504 _aIncludes bibliographical references.
651 0 _aChina
_xHistory.
_9190029
651 0 _aJapan
_xHistory.
_9173160
700 1 _aCrowley, James B.,
_eed.
_9190030
700 1 _aWakeman, Frederic E.
_9190031
942 _2ddc
_cBK
999 _c63993
_d63993